000 00299nam a2200133Ia 4500
008 231217s9999 xx 000 0 und d
041 _aEnglish
100 _aStevens, Roger T
245 0 _aFractal programming in C
260 _c1989
_bM & T Books
300 _a582
650 _aC
942 _cAA
999 _c162620
_d162620